000 00651nam a2200253Ia 4500
003 OSt
005 20221007110938.0
006 a|||||r|||| 00| 0
007 ta
008 221006b |||||||| |||| 00| 0 eng d
024 _a22,230
037 _cTextual
040 _aLCO
_cLCO
_beng
041 _2eng
_aeng
082 _aY15:4:6, P7
100 _aReddy G.B.
245 0 _aWomen and the Law Foreword by Justice A. Gopal Rao
250 _a6th
260 _aHyderabad
_bGogia Law Agency India
_c2007
300 _a391
650 _aWOMAN
_9294069
942 _hY15:4:6, P7
_cTEXL
999 _c1191793
_d1191793